000 00305nam a22001217a 4500
008 230718b xxu||||| |||| 00| 0 eng d
020 _a9789966022141
082 _a920
_bKOI
245 _aThrough My African Eyes
_cJeff Koinange
260 _aKenya
_bJeff Koinange
_c2014
300 _a253 p
942 _2ddc
_cBK
999 _c3987
_d3987